• 首页
  • 本馆介绍
  • 公告通知
  • 最新文献
  • 馆藏检索
  • 电子资源
  • 读者导购
  • 参考咨询
  • 我的图书馆
  • 登录
  • 详细信息显示
  • 放入我的书架
  • 预约/预借图书
  • 作者相关作品
  • 分类相关作品
  • 丛书相关作品
  • 出版社相关作品

书目信息

  • 表格格式
  • 工作单格式
  • 卡片格式
题名:
可靠性与维修性
    
 
作者: 盐见弘 著 ;姚普 译
分册:  
出版信息: 北京   机械工业出版社  1987
页数: 211页
开本: 19cm
丛书名:
单 册:
中图分类: F406.3
科图分类:
主题词: 工业企业管理:质量管理--外国 , 质量管理:工业企业管理--外国 , 可靠性管理
电子资源:
ISBN:
000 00775nam0 2200277 45
001 0187002993
005 20060810104359.54
010    @dCNY1.60
091    @aCN@b15033.6289
100    @a19900808d1987 em y0chiy0121 ea
101 1  @achi@cjpn
102    @aCN@b110000
105    @af z 000yy
200 10 @a可靠性与维修性@Ake kao xing yu wei xiu xing@f(日)盐见弘著@g姚普译
210    @a北京@c机械工业出版社@d1987
215    @a211页@c图表@d19cm
300    @a国外现代管理初级读物
606    @a工业企业管理:质量管理@y外国
606    @a质量管理:工业企业管理@y外国
606    @a可靠性管理
690    @aF406.3@v3
701  0 @a盐见弘@Ayan jian hong@4著
702  0 @a姚普@Ayao pu@4译
801  2 @aCN@bNLC@c20060810
801  0 @aCN@bTSSF
905    @a10447@dF406.3@e167
    
    可靠性与维修性/(日)盐见弘著/姚普译.-北京:机械工业出版社,1987
    211页:图表;19cm
    国外现代管理初级读物
    
    ISBN :CNY1.60
    
●
相关链接 在E读中查询图书 在五车中查询图书 在当当中查询图书 在豆瓣中查询图书


正题名:可靠性与维修性     索取号:F406.3/167         预约/预借

序号 登录号 条形码 馆藏地/架位号 状态 备注
1 0448373   204483736   密集书库/ [索取号:F406.3/167] 在馆    
唐山师范学院图书馆 欢迎您!
大连网信软件有限公司© 版权所有